Property notices (Record no. 106064)
[ view plain ]
| 000 -LEADER | |
|---|---|
| fixed length control field | 01199cam a22002535a 4500 |
| 001 - CONTROL NUMBER | |
| control field | L135442 |
| 008 - FIXED-LENGTH DATA ELEMENTS--GENERAL INFORMATION | |
| fixed length control field | 061026s2008 xxk f 001 0 eng u |
| 020 ## - INTERNATIONAL STANDARD BOOK NUMBER | |
| International Standard Book Number | 9781846610295 |
| 035 ## - SYSTEM CONTROL NUMBER | |
| System control number | (Sirsi) u135442 |
| 050 04 - LIBRARY OF CONGRESS CALL NUMBER | |
| Classification number | 346.4104343 $2 18 |
| 100 ## - MAIN ENTRY--PERSONAL NAME | |
| Personal name | Weekes, Tom |
| 245 ## - TITLE STATEMENT | |
| Title | Property notices |
| Remainder of title | validity and service |
| 260 ## - PUBLICATION, DISTRIBUTION, ETC. | |
| Place of publication, distribution, etc. | Bristol |
| Name of publisher, distributor, etc. | Jordans Ltd |
| Date of publication, distribution, etc. | 2008 |
| 300 ## - PHYSICAL DESCRIPTION | |
| Extent | 185p. |
| Dimensions | 26cm. |
| 350 ## - PRICE (NR) (BK AM CF MU VM SE) [OBSOLETE] | |
| Price | 65 |
| 505 2# - FORMATTED CONTENTS NOTE | |
| Formatted contents note | Identifying the requirements of a valid notice -- The interpretation of notices -- Common issues -- Waiver, estoppel and the withdrawal of notices -- Service at common law -- Service pursuant to contractual provisions -- Methods of service authorised by statute |
| 520 ## - SUMMARY, ETC. | |
| Summary, etc. | Provides a guide for lawyers, aimed at describing issues relating to the service of notices upon properties. Deals with issues which may affect notices' validity. Covers common issues such as departure of. Considers waivers, estoppel and the withdrawal of notices, and with common law service including by agents and sub-agents. |
| 521 2# - TARGET AUDIENCE NOTE | |
| Target audience note | Advanced |
| 590 ## - LOCAL NOTE (RLIN) | |
| Local note | KA |
| 651 #4 - SUBJECT ADDED ENTRY--GEOGRAPHIC NAME | |
| Geographic name | United Kingdom |
| Chronological subdivision | |
| 690 ## - LOCAL SUBJECT ADDED ENTRY--TOPICAL TERM (OCLC, RLIN) | |
| Topical term or geographic name as entry element | Block management |
| 9 (RLIN) | 6220 |
| 690 ## - LOCAL SUBJECT ADDED ENTRY--TOPICAL TERM (OCLC, RLIN) | |
| Topical term or geographic name as entry element | Landlord and tenant |
| 9 (RLIN) | 6252 |
| 942 ## - ADDED ENTRY ELEMENTS (KOHA) | |
| Suppress in OPAC | 0 |
| Withdrawn status | Lost status | Source of classification or shelving scheme | Damaged status | Not for loan | Home library | Current library | Shelving location | Date acquired | Cost, normal purchase price | Total Checkouts | Full call number | Barcode | Date last seen | Date last checked out | Copy number | Cost, replacement price | Price effective from | Koha item type |
|---|---|---|---|---|---|---|---|---|---|---|---|---|---|---|---|---|---|---|
| Dewey Decimal Classification | London | London | Basement | 29/02/2008 | 65.00 | 6 | BASEMENT 61 | 30072678 | 06/08/2019 | 17/02/2009 | 1 | 65.00 | 06/08/2019 | Book |